MARC details
| 000 -LEADER |
| fixed length control field |
03241nam a2200325 i 4500 |
| 003 - CONTROL NUMBER IDENTIFIER |
| control field |
CSPC |
| 005 - DATE AND TIME OF LATEST TRANSACTION |
| control field |
20260226091347.0 |
| 008 - FIXED-LENGTH DATA ELEMENTS--GENERAL INFORMATION |
| fixed length control field |
260225s2025 ph a b 000 0 eng d |
| 040 ## - CATALOGING SOURCE |
| Original cataloging agency |
CSPC |
| Language of cataloging |
eng |
| Transcribing agency |
CSPC |
| Description conventions |
rda |
| 090 ## - LOCALLY ASSIGNED LC-TYPE CALL NUMBER (OCLC); LOCAL CALL NUMBER (RLIN) |
| Classification number (OCLC) (R) ; Classification number, CALL (RLIN) (NR) |
UTH BSOA T111e 2025 |
| 100 1# - MAIN ENTRY--PERSONAL NAME |
| Personal name |
Tabal, Myka B., |
| Relator term |
author. |
| 245 10 - TITLE STATEMENT |
| Title |
Enhancing relationship management through office administration among small enterprises in Buhi, Camarines Sur / |
| Statement of responsibility, etc. |
Myka B. Tabal, Mary Jane N. Sarto, Chemie Ann H. Casyao, and Mary Joy A. Taduran. |
| 260 ## - PUBLICATION, DISTRIBUTION, ETC. |
| Place of publication, distribution, etc. |
Buhi, Camarines Sur : |
| Name of publisher, distributor, etc. |
Camarines Sur Polytechnic Colleges, |
| Date of publication, distribution, etc. |
2025. |
| 300 ## - PHYSICAL DESCRIPTION |
| Extent |
126 leaves. |
| 336 ## - CONTENT TYPE |
| Source |
rdacontent |
| Content type term |
text |
| 337 ## - MEDIA TYPE |
| Source |
rdamedia |
| Media type term |
unmediated |
| 338 ## - CARRIER TYPE |
| Source |
rdacarrier |
| Carrier type term |
volume |
| 502 ## - DISSERTATION NOTE |
| Dissertation note |
Undergraduate Thesis (BSOA)- Office Administration. |
| Name of granting institution |
Camarines Sur Polytechnic Colleges, 2025. |
| 504 ## - BIBLIOGRAPHY, ETC. NOTE |
| Bibliography, etc. note |
Includes bibliographical references. |
| 520 3# - SUMMARY, ETC. |
| Summary, etc. |
This study aims to examine the Supplier Relationship Management (SRM) practices of Small Enterprises (SEs) in Buhi, Camarines Sur, and how office administration functions can enhance these practices. It explores the role of communication, order and delivery management, and terms and conditions in supplier relations, while also assessing the effectiveness of records monitoring, stock management, and supplier negotiations in supporting business operations. Furthermore, it identifies the challenges faced by SEs in managing supplier relationships and consider strategies to strengthen SRM for long-term sustainability. The descriptive design was used, with 48 respondents from selected Small Enterprises engaged in supplier coordination, who were selected using non-probability convenience sampling, utilizing a research-made questionnaire as the primary tool. The study concluded that the respondents generally show competence in responsiveness and honoring contractual terms, but systematic tracking and two-way communications remain limited. Administrative functions were found effective, particularly in records upkeep and inventory management, through supplier negotiations were often based on experience rather than formal training. Challenges highlighted include reliance on a single supplier, limited supplier options in the locality, and structural constraints in procurement practices. Based on these findings, the researchers proposed a comprehensive action plan for SEs, focusing on formalizing documentation processes, enhancing communication flow, minimizing supply risks through supplier diversification and structured monitoring, and institutionalizing negotiation practices. The proposed action plan is design to improve efficiency, reduce supplier-related risks, and ensure the resilience, sustainability, and competitiveness of Small Enterprises in Buhi, Camarines Sur. |
| 700 1# - ADDED ENTRY--PERSONAL NAME |
| Personal name |
Sarto, Mary Jane N., |
| Relator term |
author. |
| 700 1# - ADDED ENTRY--PERSONAL NAME |
| Personal name |
Casyao, Chemie Ann H., |
| Relator term |
author. |
| 700 1# - ADDED ENTRY--PERSONAL NAME |
| Personal name |
Taduran, Mary Joy A., |
| Relator term |
author. |
| 720 1# - ADDED ENTRY--UNCONTROLLED NAME |
| Name |
Adriano, Rolando B., |
| Relator term |
adviser. |
| 720 1# - ADDED ENTRY--UNCONTROLLED NAME |
| Name |
Infante, Leonisa O., |
| Relator term |
panelist, chair. |
| 720 1# - ADDED ENTRY--UNCONTROLLED NAME |
| Name |
Villar, Mariber M., |
| Relator term |
panelist. |
| 720 1# - ADDED ENTRY--UNCONTROLLED NAME |
| Name |
Luzon, NiƱo Jeffrey L., |
| Relator term |
panelist. |
| 942 ## - ADDED ENTRY ELEMENTS (KOHA) |
| Source of classification or shelving scheme |
Dewey Decimal Classification |
| Suppress in OPAC |
No |
| Koha item type |
Unpublished Materials |
| Classification part |
T111e |
| Call number prefix |
UTH |
| Call number suffix |
2025 |